000 00373nam a22001337a 4500
082 _a368.4 ALT
100 _aALTMEYER.ARTHUR
245 _aTHE FORMATIVE YEARS OF SOCIAL SECURITY
260 _aLONDON
_bTHE UNIVERSITY OF WISCONSIN PRESS
_c1968
300 _aix.314p.
_b24 CM.
500 _aINCLUDE INDEX
650 _aTHE FORMATIVE YEARS OF SOCIAL SECURITY
942 _cBK
999 _c13036
_d13036